000 00656cam a22002054a 4500
999 _c57477
_d57477
001 11939167
005 20221007163936.0
008 000312s1996 cau b 000 0 eng
010 _a 00500884
020 _a9780071440677
041 _aeng
080 _a61 F-56
245 1 0 _aFirst Aid for the USMLE Step 1 2013 :
_b USMLE step 1 /
_cTao Le, Vikas Bhushan, Vivek T. Kulkarni, Matthew M. Sochat
250 _a
264 _a[Orange, CA?] :
_bStudent to Student Medical Pub.,
_c2013.
300 _a694 p. ;
_c28 cm.
653 _aმედიცინა
653 _aპირველადი დახმარება
942 _2udc
_cBK